zpět

Detail výsledku týmu

Baarovka, České Budějovice

Datum a čas kvízu

27 Celkem bodů Celkový počet nahraných bodů na tomto kvízu bez doplňovacích otázek.
6. Pořadí na kvízu Konečné umístění týmu na tomto kvízu.

Zaznamenané odpovědi

# Otázka Odpověď Body Výsledky
1. Poslanci v pátek odmítli návrh... tolerance alkoholu u vodáků a cyklistů 1
2. Společnost Volkswagen Slovakia... vrácení části odměny za rok 2018 1
3. Ve čtvrtek byl zahájen největš... Vizovice 1
4. V neděli v 9 hodin začal v Pra... Karel Gott 1
5. Napište jména obou finalistek... Simona Halepová, Serena Williamsová 1
6. V tomto tématu se podíváme na... (Sherwood) 1
7. Tato dívka se narodila loupežn... Ronja 1
8. V pohádce Princezna Fantaghiró... Tarabas 1
9. I když už dávno nevěříme na na... prstýnky 1
10. Jak se nazývá film z roku 1992... Sestra v akci 1